000 00338 a2200145 4500
001 152960
040 _cEscola São Tomás de Aquino
100 _aMACHADO, Ana Maria
240 1 0 _aBrincadeira de sombra
_lpor
245 1 0 _aBrincadeira de sombra
362 0 _a2003
440 1 _aGlobal
697 _a*LITERATURA INFANTO
942 _cBK
999 _c152960
_d152960